載入...

Kaalam Kaliyugam /

書目詳細資料
主要作者: Sivakumar, Ettumanoor
語言:Undetermined
出版: Kottayam : Current Books , 1997.
主題:
LEADER 00638nam a2200157Ia 4500
001 64062
008 170722s9999 xx 000 0 und d
100 |a Sivakumar, Ettumanoor 
245 |a Kaalam Kaliyugam / 
260 |a Kottayam :  |b Current Books ,  |c 1997. 
300 |a 219 p.  |c 21cms 
653 |a Malayalam Novel 
942 |c GEN 
999 |c 117369  |d 117369 
952 |0 0  |1 0  |4 0  |6 O_323NSI16KAL_N7KRN71  |7 0  |9 165734  |a LIB  |b LIB  |d 2017-08-12  |o O32,3NSI16,KAL N7(KR)-N7;1  |p 230031  |r 2017-08-12  |v 65.00  |w 2017-08-12  |y GEN 
952 |0 0  |1 0  |4 0  |6 O_323NSI16KAL_N7KRN71  |7 0  |9 165735  |a LIB  |b LIB  |d 2017-08-12  |o O32,3NSI16,KAL N7(KR)-N7;1  |p 230032  |r 2017-08-12  |v 65.00  |w 2017-08-12  |y GEN